000 00630cam a22001814a 4500
005 20250605164055.0
008 250528s ||||||||||||||||||||||||d
035 _a17448
040 _aGR-AtMCL
_bgre
_dGR-AtMCL
_eAACR2
245 1 _aΜαθήματα Στατικής ΙΙΙ / Σύγχρονες Μεθόδοι Αναλύσεως Φορεών
260 _bΕθνικό Μετσόβιο Πολυτεχνείο,
_c1993
300 _a106
700 1 _aΚατσικαδέλης Ι. Θ
_93596
700 1 _aΝεραντζάκης Μ.Σ. Λέκτορας Ε.Μ.Π
_93597
942 _cBK
999 _c2864
_d2864